000 00722nam a2200253Ia 4500
003 OSt
005 20220926012019.0
006 a|||||r|||| 00| 0
007 ta
008 220923b |||||||| |||| 00| 0 eng d
020 _a0754638898
037 _cGeneral Book
040 _aRTL
_cRTL
_beng
041 _2eng
_aeng
082 _aY:675, P4
100 _aMarston Greg
_9315421
245 0 _aSocial policy and discource analysis
_b Policy change in public housing
260 _aNew York
_bAsgate Publishing
_c2004
300 _avii,148p.
_ccm.
500 _aBibliography P 135-146
650 _aSocial Planning
942 _hY:675, P4
_cGB
_2CC
999 _c621535
_d621535